Viễn thông và sự phát triển quốc gia

Spremljeno u:
Bibliografski detalji
Glavni autor: Phạm Văn Tiến
Format: Knjiga
Jezik:Undetermined
Izdano: Sài Gòn Trường Cao Đẳng Quốc Phòng 1973
Teme:
Oznake: Dodaj oznaku
Bez oznaka, Budi prvi tko označuje ovaj zapis!
Thư viện lưu trữ: Trung tâm Học liệu Trường Đại học Cần Thơ
LEADER 00599nam a2200181Ia 4500
001 CTU_26519
008 210402s9999 xx 000 0 und d
082 |a 621 
082 |b T305 
100 |a Phạm Văn Tiến 
245 0 |a Viễn thông và sự phát triển quốc gia 
245 0 |c Phạm Văn Tiến 
260 |a Sài Gòn 
260 |b Trường Cao Đẳng Quốc Phòng 
260 |c 1973 
650 |a development countries,telecommunication policy 
904 |i Nguyễn Quang Điền, 981013 
980 |a Trung tâm Học liệu Trường Đại học Cần Thơ